El misterio de María / (Record no. 119657)

MARC details
000 -LEADER
campo de control de longitud fija 00598nam a2200193 4500
001 - NÚMERO DE CONTROL
campo de control 119657
003 - IDENTIFICADOR DE NÚMERO DE CONTROL
campo de control ES-MaACL
005 - FECHA Y HORA DE LA ÚLTIMA TRANSACCIÓN
campo de control 20230906191352.0
007 - CAMPO FIJO DE DESCRIPCIÓN FÍSICA--INFORMACIÓN GENERAL
campo de control de longitud fija t|
008 - DATOS DE LONGITUD FIJA--INFORMACIÓN GENERAL
campo de control de longitud fija 070214s1966 sp r ||||1| spa d
100 1# - ENTRADA PRINCIPAL--NOMBRE DE PERSONA
Nombre de persona Pérez Núñez, Pedro.
9 (RLIN) 91054
245 13 - MENCIÓN DEL TÍTULO
Título El misterio de María /
Mención de responsabilidad, etc. Pedro Pérez Núñez.
260 ## - PUBLICACIÓN, DISTRIBUCIÓN, ETC.
Lugar de publicación, distribución, etc. Madrid :
Nombre del editor, distribuidor, etc. Propaganda Popular Católica,
Fecha de publicación, distribución, etc. 1966.
300 ## - DESCRIPCIÓN FÍSICA
Extensión 224 p. ;
Dimensiones 19 cm.
490 1# - MENCIÓN DE SERIE
Mención de serie Colección de `Pastoral aplicada` ;
Designación de volumen o secuencia 38
830 0# - PUNTO DE ACCESO ADICIONAL DE SERIE-TÍTULO UNIFORME
Título uniforme Colección de `Pastoral aplicada` ;
Designación de volumen o secuencia 38
9 (RLIN) 187240
852 ## - LOCALIZACIÓN
Ubicación ES-MaACL
Número de control de estantería C-30441
Sublocalización o colección R.70034
Holdings
Estatus retirado Estado de pérdida Estado de daño No para préstamo Biblioteca de origen Biblioteca actual Ubicación en estantería Fecha de adquisición Fuente de adquisición Total de préstamos Signatura topográfica completa Código de barras Visto por última vez Precio de reemplazo Tipo de ítem Koha
        Biblioteca del Ateneo de Madrid Biblioteca del Ateneo de Madrid Depósito 2 17/01/2008     C-30441 1124725 23/02/2023 23/02/2023 Libro impreso